Man's destiny (Record no. 589243)
[ view plain ]
| 000 -LEADER | |
|---|---|
| fixed length control field | 00971cam a2200289 4500 |
| 001 - CONTROL NUMBER | |
| control field | 4085816 |
| 003 - CONTROL NUMBER IDENTIFIER | |
| control field | NUST |
| 005 - DATE AND TIME OF LATEST TRANSACTION | |
| control field | 20220420104145.0 |
| 008 - FIXED-LENGTH DATA ELEMENTS--GENERAL INFORMATION | |
| fixed length control field | 731010s1972 ii 000 0 eng |
| 010 ## - LIBRARY OF CONGRESS CONTROL NUMBER | |
| LC control number | 72930653 |
| 038 ## - RECORD CONTENT LICENSOR | |
| Staff Name | Muhammad Ibrahim |
| 040 ## - CATALOGING SOURCE | |
| Original cataloging agency | DLC |
| Transcribing agency | DLC |
| Modifying agency | DLC |
| 043 ## - GEOGRAPHIC AREA CODE | |
| Geographic area code | a-ii--- |
| 050 00 - LIBRARY OF CONGRESS CALL NUMBER | |
| Classification number | BP170.8 |
| Item number | .M37 |
| 082 00 - DEWEY DECIMAL CLASSIFICATION NUMBER | |
| Classification number | 297.2 |
| Author Mark | MAS 1972 |
| 100 1# - MAIN ENTRY--PERSONAL NAME | |
| Personal name | Mashriqī, ʻInāyatullāh K̲h̲ān̲, |
| Dates associated with a name | 1888-1963. |
| 9 (RLIN) | 91057 |
| 245 10 - TITLE STATEMENT | |
| Title | Man's destiny |
| Statement of responsibility, etc. | by Inayat Ullah Khan al-Mashriqi. [Edited by Shabbir Hussain. |
| Remainder of title | A mathematician’s view of the breath-taking climb that awaits Man to reach his ultimate destiny |
| 260 ## - PUBLICATION, DISTRIBUTION, ETC. | |
| Place of publication, distribution, etc. | Islamabad |
| Name of publisher, distributor, etc. | El-Mashriqi Foundation |
| Date of publication, distribution, etc. | [1972] |
| 300 ## - PHYSICAL DESCRIPTION | |
| Extent | 120 p. |
| Dimensions | 18 cm. |
| 350 ## - PRICE (NR) (BK AM CF MU VM SE) [OBSOLETE] | |
| Price | Rs4.00 |
| 563 ## - BINDING INFORMATION | |
| Binding note | H.B |
| 610 20 - SUBJECT ADDED ENTRY--CORPORATE NAME | |
| Corporate name or jurisdiction name as entry element | K̲h̲āksār Taḥrīk. |
| 9 (RLIN) | 91058 |
| 650 #0 - SUBJECT ADDED ENTRY--TOPICAL TERM | |
| Topical term or geographic name entry element | Islam |
| General subdivision | Universality. |
| 9 (RLIN) | 6195 |
| 700 0# - ADDED ENTRY--PERSONAL NAME | |
| Personal name | Shabbir Hussain, |
| Relator term | ed. |
| 9 (RLIN) | 91059 |
| 906 ## - LOCAL DATA ELEMENT F, LDF (RLIN) | |
| a | 7 |
| b | cbc |
| c | orignew |
| d | 4 |
| e | ncip |
| f | 19 |
| g | y-gencatlg |
| 942 ## - ADDED ENTRY ELEMENTS (KOHA) | |
| Source of classification or shelving scheme | |
| Koha item type | Book |
| Withdrawn status | Lost status | Source of classification or shelving scheme | Damaged status | Not for loan | Permanent Location | Current Location | Shelving location | Date acquired | Total Checkouts | Full call number | Barcode | Date last seen | Price effective from | Koha item type |
|---|---|---|---|---|---|---|---|---|---|---|---|---|---|---|
| Centre for International Peace & Stability (CIPS) | Centre for International Peace & Stability (CIPS) | General Stacks | 04/14/2022 | 297.2 MAS 1972 | CIPSD0000687 | 04/20/2022 | 04/20/2022 | Book |
